=LDR 00000nam 2200000 4500 =001 INLIS000000000004540 =005 20250725102104 =035 ##$$a 0010-0725000351 =007 ta =008 250725################g##########0#ind## =082 ##$$a 001.4 =084 ##$$a 001.4 BAD p =245 1#$$a Pengetahuan, Sikap dan Praktek Masyarakat Terhadap Program Keluarga Berencana di Nusa Tenggara Timur /$c Badan Koordinasi Keluarga Berencana Nasional =260 ##$$a Kupang :$b BKKBN,$c 1981 =300 ##$$a xxvi, 108 hlm : $b ilus ; $c 29 cm =650 #4$$a Program KB =110 2#$$a Badan Koordinasi Keluarga Berencana Nasional